header

Performance-based certification (Record no. 224970)

MARC details
000 -LEADER
fixed length control field 02248nam a2200325 a 4500
100 1# - MAIN ENTRY--AUTHOR NAME
Personal name Hale, Judith A.
245 10 - TITLE STATEMENT
Title Performance-based certification
250 ## - EDITION STATEMENT
Edition statement 2nd ed.
260 ## - PUBLICATION, DISTRIBUTION, ETC. (IMPRINT)
Place of publication San Francisco :
Name of publisher Pfeiffer,
Year of publication c2012.
300 ## - PHYSICAL DESCRIPTION
Number of Pages xiv, 270 p. :
Other physical details ill.
500 ## - GENERAL NOTE
General note Includes index.
520 ## - SUMMARY, ETC.
Summary, etc "Are your employees qualified? Looking for qualified people to do competent work? How do you ensure that the people you hire can do the job right? An ever-increasing number of organizations are asking the same questions. Certification planning is the answer and Performance-Based Certification is the key. This is the only book on the market that addresses the growing need to monitor the qualifications of employees. You'll be able to quickly customize the certification tests and other job aids provided on the accompanying disk. Create a certification program within your organization to: Instill confidence that employees, members, or suppliers are qualified to meet the needs of your customers Ensure that your workforce is trained and competent to their job Make your hiring process more cost effective and legally defendable Recognize competence and consistency of your employees Once you've identified the need for a certification program, what's the next step? All of the answers are here!"--
650 #0 - SUBJECT ADDED ENTRY--TOPICAL TERM
Topical Term Occupations
Topical Term Professions
856 40 - ELECTRONIC LOCATION AND ACCESS
Uniform Resource Identifier http://site.ebrary.com/lib/rucke/Doc?id=10517345
520 ## - SUMMARY, ETC.
-- Provided by publisher.

No items available.

© 2026 Rongo University
Contact us: librarian | system librarian | Rongo university